|
|
|
|
| LEADER |
00640nta a2200193 i 4500 |
| 001 |
dipl90231 |
| 005 |
20201212132656.0 |
| 008 |
201212s2007 hu om 0|| zxx d |
| 040 |
|
|
|a SZTE Diploma Repozitórium
|b hun
|
| 041 |
|
|
|a zxx
|
| 100 |
1 |
|
|a Mészáros Dóra
|
| 245 |
1 |
0 |
|a II. Rákóczi Ferenc franciaországi bujdosása
|h [elektronikus dokumentum] /
|c Dóra Mészáros
|
| 260 |
|
|
|c 2007
|
| 650 |
|
4 |
|a Bölcsészettudományok
|
| 650 |
|
4 |
|a Humanities
|
| 650 |
|
4 |
|a History and archaeology
|
| 650 |
|
4 |
|a History
|
| 700 |
1 |
|
|a Kruppa Tamás
|e ths
|
| 856 |
4 |
0 |
|u http://diploma.bibl.u-szeged.hu/id/eprint/90231/1/2007_meszaros_dora.pdf
|z Dokumentum-elérés
|